000 00490nam a2200181Ia 4500
005 20250508162249.0
008 008 250505s9999 xx 000 0 eng d
037 _aBooks to be hide in OPAC
040 _aFEDL
_beng
_cFEDL
041 _aeng
_2eng
084 _a954, VIJ/O
_qFEDL
100 _aVijay Ed.
245 0 _aIndia is one
260 _aPondicherry, India
_bSri Aurobindo Society
_c1983
300 _a94p.
942 _cHB
_h954, VIJ/O
999 _c1375456
_d1375456